All TDS Towers - Statistics

General Stats
  • This quiz has been taken 34 times
  • The average score is 41 of 64
Answer Stats
Hint Answer % Correct
Advanced DJ Booth
100%
Intermediate Farm
100%
Hardcore Accelerator
91%
Intermediate Ace Pilot
91%
Hardcore Brawler
91%
Advanced Commander
91%
Intermediate Crook Boss
91%
Hardcore Engineer
91%
Advanced Minigunner
91%
Intermediate Pyromancer
91%
Starter Scout
91%
Advanced Turret
91%
Advanced Cowboy
82%
Golden Golden Minigunner
82%
Golden Golden Scout
82%
Hardcore Hacker
82%
Intermediate Militant
82%
Intermediate Military Base
82%
Hardcore Necromancer
82%
Starter Sniper
82%
Event/Exclusive Commando
73%
Golden Golden Cowboy
73%
Golden Golden Crook Boss
73%
Golden Golden Pyromancer
73%
Admin Mecha Base
73%
Intermediate Medic
73%
Advanced Mercenary Base
73%
Advanced Pursuit
73%
Intermediate Rocketeer
73%
Starter Soldier
73%
Advanced Warden
73%
Intermediate Freezer
64%
Event/Exclusive Gladiator
64%
Golden Golden Soldier
64%
Starter Paintballer
64%
Intermediate Assassin
55%
Event/Exclusive Cryomancer
55%
Starter Demoman
55%
Intermediate Electroshocker
55%
Intermediate Hunter
55%
Advanced Ranger
55%
Event/Exclusive Sledger
55%
Event/Exclusive Swarmer
55%
Advanced Tesla
55%
Event/Exclusive Elf Camp
45%
Event/Exclusive Frost Blaster
45%
Event/Exclusive Harvester
45%
Advanced Mortar
45%
Starter Shotgunner
45%
Event/Exclusive Spotlight Tech
45%
Admin War Machine
45%
Event/Exclusive Biologist
36%
Event/Exclusive Firework Technician
36%
Event/Exclusive Hallow Punk
36%
Event/Exclusive Jester
36%
Event/Exclusive Snowballer
36%
Event/Exclusive Toxic Gunner
36%
Intermediate Trapper
36%
Event/Exclusive Warlock
36%
Event/Exclusive Archer
27%
Event/Exclusive Elementalist
27%
Event/Exclusive Executioner
27%
Advanced Gatling Gun
27%
Event/Exclusive Slasher
27%
No matching quizzes found
Score Distribution
Percent of People with Each Score
Percentile by Number Answered
Your Score History
You have not taken this quiz